[Event "II. Budapest Open"]
[Site ", "]
[Date "2012.08.24"]
[Round "7"]
[White "Gorog, Almos"]
[Black "Csermely, Zoltan"]
[Result "0-1"]
[WhiteElo "1435"]
[BlackElo "1686"]
[PlyCount "130"]
[EventDate "2012.??.??"]

1. c4 e6 2. Nc3 Nf6 3. e4 d5 4. e5 Ne4 5. d4 Bb4 6. Bd2 Nxd2 7. Qxd2 c5 8. Nf3
b6 9. dxc5 bxc5 10. a3 Qa5 11. Rd1 Bxc3 12. Qxc3 Qxc3+ 13. bxc3 Bb7 14. Be2 O-O
15. O-O Nd7 16. cxd5 exd5 17. e6 fxe6 18. Ng5 Rf6 19. Bg4 Nf8 20. Rfe1 Bc8 21.
Re5 h6 22. Nh3 Rb8 23. c4 Ng6 24. Ree1 d4 25. Bh5 Kh7 26. f3 Rb3 27. Nf2 Nf4
28. Be8 Rf8 29. Bc6 Rxa3 30. Ne4 Nd3 31. Re2 Nb4 32. Ba8 Ba6 33. Nxc5 Bxc4 34.
Be4+ Kg8 35. Rb2 a5 36. Rxd4 Bd5 37. Bxd5 exd5 38. Nb7 Nd3 39. Rb1 Rf4 40. Rxf4
Nxf4 41. g3 Ne2+ 42. Kg2 Nc3 43. Rc1 d4 44. Nc5 Kf7 45. Kf2 Ra2+ 46. Kf1 Rxh2
47. Ke1 Rh1+ 48. Kd2 Rxc1 49. Kxc1 Ne2+ 50. Kd1 Nxg3 51. Nb3 a4 52. Nxd4 Kf6
53. Nb5 h5 54. Ke1 Ke5 55. Kf2 h4 56. Kg2 Kf4 57. Nc3 a3 58. Na2 Nf5 59. Nc3
h3+ 60. Kxh3 Kxf3 61. Na2 g5 62. Nc3 Nd4 63. Na2 Ne2 64. Kh2 g4 65. Kh1 g3 0-1

[Event "II. Budapest Open"]
[Site ", "]
[Date "2012.08.24"]
[Round "7"]
[White "B. Kiss, Tamas"]
[Black "Bella, Zsolt"]
[Result "1-0"]
[WhiteElo "1526"]
[BlackElo "1369"]
[PlyCount "103"]
[EventDate "2012.??.??"]

1. d4 g6 2. c4 d6 3. Nc3 Bg7 4. e3 Nf6 5. Bd2 O-O 6. Nf3 Bg4 7. Be2 Nc6 8. h3
Bd7 9. O-O e5 10. dxe5 Nxe5 11. Rb1 Bf5 12. Rc1 Nd3 13. Bxd3 Bxd3 14. Re1 Bxc4
15. b3 Ba6 16. Qc2 b6 17. a4 Bb7 18. Nd4 a6 19. Rcd1 Re8 20. b4 Qd7 21. b5 Re5
22. bxa6 Bxa6 23. Qb3 Bb7 24. Ncb5 Bd5 25. Qc2 c5 26. Ne2 Rh5 27. Nf4 Be4 28.
Qb3 Rg5 29. Bc3 d5 30. Bxf6 c4 31. Qc3 Bxf6 32. Qxf6 Rf5 33. Qxb6 Kg7 34. Nc3
Rf6 35. Qd4 Qf5 36. Nxe4 dxe4 37. Re2 Rxa4 38. Nd5 Raa6 39. Nxf6 Rxf6 40. Qxc4
Kh6 41. Rd5 Qe6 42. Red2 Qe7 43. Qd4 Rf5 44. Rxf5 gxf5 45. Qd6+ Qxd6 46. Rxd6+
Kg5 47. Rd5 h5 48. h4+ Kf6 49. f3 exf3 50. gxf3 Kg6 51. Kg2 f6 52. Kg3 1-0

[Event "II. Budapest Open"]
[Site ", "]
[Date "2012.08.24"]
[Round "7"]
[White "Karacsonyi, Kata"]
[Black "Mihajlova, Diana"]
[Result "0-1"]
[WhiteElo "1238"]
[BlackElo "1482"]
[PlyCount "96"]
[EventDate "2012.??.??"]

1. e4 d5 2. exd5 Nf6 3. d4 Bg4 4. Be2 Bxe2 5. Nxe2 Qxd5 6. O-O Nc6 7. Nbc3 Qh5
8. Bf4 O-O-O 9. Nb5 Qxb5 10. a4 Qf5 11. Qd2 e5 12. Be3 exd4 13. Bxd4 Ne4 14.
Qe3 Bc5 15. Bxc5 Nxc5 16. Ng3 Qe5 17. Qa3 Rhe8 18. Rfe1 Qd5 19. Red1 Nd4 20. h3
Qc6 21. Qc3 Ne2+ 22. Nxe2 Rxd1+ 23. Rxd1 Rxe2 24. Qg3 Qe6 25. Kf1 Ne4 26. Qh4
Nd2+ 27. Kg1 Re1+ 28. Rxe1 Qxe1+ 29. Kh2 Nf1+ 30. Kh1 Nd2+ 31. Kh2 Qe5+ 32. Kg1
h6 33. Qb4 Qe1+ 34. Kh2 Nf3+ 35. gxf3 Qxb4 36. Kg3 Qxb2 37. c4 Qb4 38. Kg2 Qxa4
39. c5 Qc4 40. Kg3 a5 41. Kg2 a4 42. Kg3 a3 43. Kg2 a2 44. Kg3 Qxc5 45. Kg2
a1=Q 46. Kg3 Qg1+ 47. Kf4 Qgg5+ 48. Ke4 Qgf5# 0-1

[Event "II. Budapest Open"]
[Site ", "]
[Date "2012.08.24"]
[Round "7"]
[White "Romhanyi, Mihaly"]
[Black "Novak, Levente Peter"]
[Result "1-0"]
[WhiteElo "1455"]
[BlackElo "1563"]
[PlyCount "21"]
[EventDate "2012.??.??"]

1. e4 e5 2. Nf3 Nc6 3. d4 d6 4. Bc4 Bg4 5. Bxf7+ Kd7 6. dxe5 Kc8 7. e6 Nf6 8.
h3 Bh5 9. Bxh5 Nxh5 10. Ng5 Nf6 11. Nf7 1-0

[Event "II. Budapest Open"]
[Site ", "]
[Date "2012.08.25"]
[Round "8"]
[White "Yip, Michael"]
[Black "To, Nhat Minh"]
[Result "0-1"]
[WhiteElo "2072"]
[BlackElo "2287"]
[PlyCount "98"]
[EventDate "2012.??.??"]

1. Nf3 Nf6 2. c4 c6 3. d4 d5 4. Nc3 dxc4 5. a4 Bf5 6. Ne5 Nbd7 7. Nxc4 Nb6 8.
Ne5 a5 9. Bg5 g6 10. f3 Bg7 11. e4 Be6 12. Be2 O-O 13. O-O Ne8 14. Be3 f6 15.
Nd3 Nc4 16. Bf2 Bh6 17. f4 Bf7 18. b3 Ncd6 19. g3 Nc7 20. Bf3 Na6 21. Rb1 f5
22. e5 Ne8 23. Qe2 Nec7 24. Rfe1 Qc8 25. Rec1 Rd8 26. h4 Bd5 27. Nxd5 Nxd5 28.
Kg2 e6 29. Kh2 Bf8 30. h5 Qd7 31. hxg6 hxg6 32. Kg2 Qg7 33. Bxd5 Rxd5 34. Rh1
Rad8 35. Be3 c5 36. Rh3 cxd4 37. Bd2 Qc7 38. Rbh1 Bg7 39. g4 Nc5 40. gxf5 exf5
41. Nxc5 Rxc5 42. Kf1 Qc6 43. Qh2 Rc8 44. Qf2 Qe4 45. Rf3 Rc2 46. Rhh3 Rxd2 47.
Qxd2 Qb1+ 48. Ke2 Rc2 49. Rd3 Rxd2+ 0-1

[Event "II. Budapest Open"]
[Site ", "]
[Date "2012.08.25"]
[Round "8"]
[White "Carvajal Gorgona, Jonathan"]
[Black "Szepes, Tamas"]
[Result "1/2-1/2"]
[WhiteElo "2153"]
[BlackElo "2227"]
[PlyCount "104"]
[EventDate "2012.??.??"]

1. d4 Nf6 2. Nf3 e6 3. c4 b6 4. g3 Bb7 5. Bg2 c5 6. O-O cxd4 7. b3 Qc7 8. Nxd4
Bxg2 9. Kxg2 Nc6 10. Bb2 Nxd4 11. Bxd4 Bc5 12. Nc3 Qc6+ 13. f3 O-O 14. Bxf6
gxf6 15. e4 Rad8 16. Qd3 Bb4 17. Rac1 Bxc3 18. Rxc3 Rc8 19. Rd1 Rfd8 20. Qd4
Kg7 21. Rcd3 d6 22. Qe3 Rd7 23. e5 fxe5 24. Rxd6 Rxd6 25. Qxe5+ Kf8 26. Qxd6+
Qxd6 27. Rxd6 Ke7 28. Rd2 Rc5 29. Kf2 e5 30. Ke3 Ke6 31. g4 a6 32. Ke4 Rc8 33.
g5 h6 34. h4 hxg5 35. hxg5 Rh8 36. Ke3 Rh1 37. Rd8 Re1+ 38. Kd2 Ra1 39. a4 Ra2+
40. Kc1 Rf2 41. Rb8 Rxf3 42. Rxb6+ Kf5 43. Rf6+ Ke4 44. Kc2 Rg3 45. Rxa6 Rxg5
46. Rf6 Kd4 47. Rxf7 Rg2+ 48. Kb1 e4 49. Re7 e3 50. Kc1 Kd3 51. Rd7+ Kc3 52.
Kd1 Kxb3 1/2-1/2

[Event "II. Budapest Open"]
[Site ", "]
[Date "2012.08.25"]
[Round "8"]
[White "Orosz, Andras"]
[Black "Farkas, Richard"]
[Result "1/2-1/2"]
[WhiteElo "1948"]
[BlackElo "2116"]
[PlyCount "43"]
[EventDate "2012.??.??"]

1. Nf3 Nf6 2. g3 b6 3. Bg2 Bb7 4. O-O e6 5. d4 Be7 6. c4 c5 7. Nc3 O-O 8. b3 d5
9. cxd5 Nxd5 10. Nxd5 Bxd5 11. dxc5 Bxc5 12. Bb2 Nd7 13. Qd2 Qc7 14. Rac1 Qb7
15. Rfd1 Rfd8 16. Nh4 Bxg2 17. Nxg2 Be7 18. Bc3 Nf6 19. Qb2 Rxd1+ 20. Rxd1 Rd8
21. Rxd8+ Bxd8 22. Qd2 1/2-1/2

[Event "II. Budapest Open"]
[Site ", "]
[Date "2012.08.25"]
[Round "8"]
[White "Toth, Sarolta"]
[Black "Jacso, Adam"]
[Result "1/2-1/2"]
[WhiteElo "2192"]
[BlackElo "2224"]
[PlyCount "33"]
[EventDate "2012.??.??"]

1. Nf3 g6 2. c4 Bg7 3. Nc3 d6 4. d4 Nf6 5. e4 O-O 6. Be3 e5 7. dxe5 dxe5 8.
Qxd8 Rxd8 9. Nd5 Na6 10. O-O-O Be6 11. Nxf6+ Bxf6 12. Be2 b6 13. a3 Bg4 14. Ng1
Be6 15. Nf3 Bg4 16. Ng1 Be6 17. Nf3 1/2-1/2

[Event "II. Budapest Open"]
[Site ", "]
[Date "2012.08.25"]
[Round "8"]
[White "Palla, Akos Botond"]
[Black "Nagy, Aron"]
[Result "0-1"]
[WhiteElo "2014"]
[BlackElo "2091"]
[PlyCount "88"]
[EventDate "2012.??.??"]

1. e4 c6 2. d4 d5 3. e5 Bf5 4. Nf3 e6 5. Be2 c5 6. Be3 cxd4 7. Nxd4 Ne7 8. O-O
Nbc6 9. c4 Nxd4 10. Bxd4 Nc6 11. cxd5 Qxd5 12. Bc3 Qxd1 13. Rxd1 Bc5 14. Nd2
Ke7 15. Nb3 Bb6 16. Bf3 Rhd8 17. Bxc6 bxc6 18. Bb4+ Ke8 19. Bd6 Rd7 20. Rac1
Be4 21. Nd4 Rc8 22. h3 Bd5 23. b3 f6 24. Nb5 Rcd8 25. Nc3 Rf7 26. Rc2 Kd7 27.
Rdc1 fxe5 28. Bxe5 Rf5 29. Bg3 Rdf8 30. Nxd5 cxd5 31. Re1 d4 32. Rce2 R8f6 33.
Be5 d3 34. Bxf6 dxe2 35. Bh4 Re5 36. b4 Bd4 37. Bg3 Bc3 38. f4 Bxe1 39. Bxe1
Re4 40. g3 Kc6 41. Kf2 Kb5 42. Kf3 Rc4 43. Kxe2 Rc2+ 44. Kf3 Rxa2 0-1

[Event "II. Budapest Open"]
[Site ", "]
[Date "2012.08.25"]
[Round "8"]
[White "Bodrogi, Laszlo"]
[Black "Kumala, Aleksander"]
[Result "1-0"]
[WhiteElo "2043"]
[BlackElo "1963"]
[PlyCount "33"]
[EventDate "2012.??.??"]

1. e4 e5 2. Nf3 Nc6 3. Bb5 f5 4. Nc3 fxe4 5. Nxe4 Nf6 6. d3 d5 7. Nxe5 dxe4 8.
Nxc6 bxc6 9. Bxc6+ Bd7 10. Bxa8 Qxa8 11. O-O Be7 12. dxe4 Nxe4 13. Qh5+ Kd8 14.
Be3 Nf6 15. Qa5 Qe4 16. Rfd1 Bd6 17. Rxd6 1-0

[Event "II. Budapest Open"]
[Site ", "]
[Date "2012.??.??"]
[Round "8"]
[White "Heyl, Thomas"]
[Black "Kanarkiewicz, Michal"]
[Result "*"]
[WhiteElo "2009"]
[BlackElo "2076"]
[PlyCount "22"]
[EventDate "2012.??.??"]

1. d4 g6 2. Nf3 Bg7 3. c3 Nf6 4. Nbd2 O-O 5. e4 d6 6. Be2 Nc6 7. O-O a5 8. a4
Bd7 9. Nc4 e5 10. Be3 exd4 11. Nxd4 Ne7 *

[Event "II. Budapest Open"]
[Site ", "]
[Date "2012.08.25"]
[Round "8"]
[White "Antal, Attila Dr"]
[Black "Berta, Sandor"]
[Result "1/2-1/2"]
[WhiteElo "2062"]
[BlackElo "1891"]
[PlyCount "114"]
[EventDate "2012.??.??"]

1. e4 c5 2. Nf3 Nf6 3. Nc3 d5 4. exd5 Nxd5 5. Bb5+ Bd7 6. a4 Nf6 7. d4 cxd4 8.
Qxd4 a6 9. Bxd7+ Qxd7 10. Be3 Qxd4 11. Nxd4 Nbd7 12. O-O-O e6 13. h3 Bb4 14.
Na2 Be7 15. Nc3 Bb4 16. Nde2 O-O 17. g4 Rfd8 18. g5 Ne8 19. Kb1 Rac8 20. f4 Ba5
21. Ne4 Bb6 22. Rxd7 Bxe3 23. Rxb7 Nd6 24. Nxd6 Rxd6 25. Rb3 Ba7 26. Rd3 Rdc6
27. Rhd1 Bb6 28. Rd6 f6 29. Rxc6 Rxc6 30. gxf6 gxf6 31. b3 Kf7 32. Rd3 Kg6 33.
Ng3 h5 34. h4 a5 35. Rf3 Rc5 36. c4 Bc7 37. Kc2 f5 38. Ne2 Bd8 39. Re3 Kf7 40.
Ng3 Bxh4 41. Nxh5 Kg6 42. Ng3 e5 43. Ne2 e4 44. Nc3 Kh5 45. Nxe4 fxe4 46. Rxe4
Bf6 47. Re6 Rf5 48. Rb6 Kg4 49. b4 axb4 50. Rxb4 Kxf4 51. Rb5 Rxb5 52. axb5 Bd4
53. Kb3 Bc5 54. Ka4 Ke5 55. Ka5 Kd6 56. b6 Kc6 57. Ka4 Kxb6 1/2-1/2

[Event "II. Budapest Open"]
[Site ", "]
[Date "2012.??.??"]
[Round "8"]
[White "Gubics, Peter"]
[Black "Dal Bianco, Nicola"]
[Result "*"]
[WhiteElo "2149"]
[BlackElo "1705"]
[PlyCount "76"]
[EventDate "2012.??.??"]

1. Nf3 Nf6 2. c4 g6 3. g3 Bg7 4. Bg2 O-O 5. O-O c6 6. d3 d6 7. Nc3 Bg4 8. h3
Bd7 9. Be3 Re8 10. Qb3 Qc7 11. Rab1 e5 12. Nd2 Be6 13. Qa3 Nbd7 14. Rfc1 a6 15.
Nd5 Bxd5 16. cxd5 c5 17. b4 b6 18. Nc4 Bf8 19. bxc5 bxc5 20. Qa5 Qxa5 21. Nxa5
Rab8 22. Nc6 Rb5 23. a4 Rb6 24. Bg5 Kg7 25. a5 Rb5 26. h4 Ng8 27. Bd8 Ne7 28.
Bc7 Nf5 29. e4 Nd4 30. Nxd4 exd4 31. f4 Rc8 32. Bxd6 Bxd6 33. e5 Nxe5 34. fxe5
Bxe5 35. Rxb5 axb5 36. a6 Bd6 37. a7 Ra8 38. Ra1 Be7 *

[Event "II. Budapest Open"]
[Site ", "]
[Date "2012.08.25"]
[Round "8"]
[White "Koczo, Kristof"]
[Black "Kozma, Gabor"]
[Result "1/2-1/2"]
[WhiteElo "2233"]
[BlackElo "1959"]
[PlyCount "108"]
[EventDate "2012.??.??"]

1. d4 Nf6 2. c4 e6 3. Nf3 Bb4+ 4. Bd2 c5 5. Bxb4 cxb4 6. Qd3 O-O 7. e4 d5 8.
cxd5 exd5 9. e5 Ne4 10. Qb3 Nc6 11. Bd3 Bg4 12. Nbd2 a5 13. Nxe4 dxe4 14. Bxe4
Nxd4 15. Qe3 Nc6 16. O-O Qe7 17. Rfe1 Rfe8 18. Bxc6 bxc6 19. Rac1 Bxf3 20. Qxf3
c5 21. Qd5 Rac8 22. a4 Red8 23. Qc4 Qe6 24. g3 Rd2 25. b3 Qxc4 26. Rxc4 Rd3 27.
Rec1 Rd5 28. f4 Kf8 29. R1c2 Ke7 30. Kf2 f6 31. Re4 fxe5 32. Rce2 Rd3 33. Rxe5+
Kf7 34. Re7+ Kf8 35. Ra7 Rxb3 36. Ree7 c4 37. Rf7+ Kg8 38. Rxg7+ Kh8 39. Rxh7+
Kg8 40. f5 Rc6 41. Rhb7 Rf6 42. g4 c3 43. Rc7 Rb2+ 44. Kg3 c2 45. Kf4 Rf7 46.
Ke5 b3 47. Ra8+ Kg7 48. Rcc8 Re7+ 49. Kf4 Rb1 50. Rg8+ Kh7 51. Rh8+ Kg7 52.
Rag8+ Kf7 53. Rf8+ Kg7 54. Rhg8+ Kh7 1/2-1/2

[Event "II. Budapest Open"]
[Site ", "]
[Date "2012.08.25"]
[Round "8"]
[White "Lakat, Gyula"]
[Black "Halak, Miklos"]
[Result "1/2-1/2"]
[WhiteElo "1896"]
[BlackElo "2137"]
[PlyCount "55"]
[EventDate "2012.??.??"]

1. d4 d5 2. Nf3 c6 3. g3 Bf5 4. Bg2 h6 5. Nc3 Nf6 6. O-O e6 7. a3 a5 8. Re1 Be7
9. Nh4 Bh7 10. f4 O-O 11. Nf3 Nbd7 12. Ne5 Qc7 13. e4 Rfc8 14. Nxd7 Qxd7 15. e5
Ne8 16. Na4 Qc7 17. Be3 b5 18. Nc5 Ra7 19. c3 Rca8 20. Qd2 Qb6 21. b3 Nc7 22.
Nd7 Qb7 23. Nc5 Bxc5 24. dxc5 Na6 25. Bd4 Qe7 26. Qf2 Kh8 27. Rad1 Nb8 28. g4
1/2-1/2

[Event "II. Budapest Open"]
[Site ", "]
[Date "2012.08.25"]
[Round "8"]
[White "Ruck, Robert"]
[Black "Karacsonyi, Gellert"]
[Result "1-0"]
[WhiteElo "2009"]
[BlackElo "1461"]
[PlyCount "47"]
[EventDate "2012.??.??"]

1. e4 e6 2. d4 d5 3. Nd2 Nf6 4. e5 Nfd7 5. c3 c5 6. Bd3 Nc6 7. Ne2 Be7 8. Nf3
O-O 9. Nf4 cxd4 10. cxd4 Qb6 11. h4 Qb4+ 12. Kf1 Kh8 13. a3 Qb6 14. Bxh7 Na5
15. Ng5 g6 16. Bxg6 fxg6 17. Nxg6+ Kg7 18. Qh5 Rxf2+ 19. Kg1 Bxg5 20. hxg5 Nf8
21. Qh6+ Kg8 22. Qh8+ Kf7 23. Qxf8+ Kxg6 24. Rh6# 1-0

[Event "II. Budapest Open"]
[Site ", "]
[Date "2012.08.25"]
[Round "8"]
[White "Toth-Katona, Tamas"]
[Black "Szurkos, Andras"]
[Result "1-0"]
[WhiteElo "1859"]
[BlackElo "1783"]
[PlyCount "129"]
[EventDate "2012.??.??"]

1. e4 c5 2. Nc3 Nc6 3. f4 e6 4. Nf3 Nge7 5. g3 d5 6. d3 d4 7. Ne2 f6 8. Bg2 e5
9. O-O Bg4 10. Bd2 Qd7 11. a3 Ng6 12. f5 Nge7 13. h3 Bh5 14. g4 Bf7 15. Ng3 g5
16. Kf2 Nc8 17. b3 Be7 18. Qe2 Nd6 19. Rfb1 a6 20. c4 b5 21. Bf1 Kf8 22. Bg2
Qe8 23. Rh1 a5 24. h4 Qd8 25. hxg5 fxg5 26. Rh6 Kg7 27. Rah1 bxc4 28. bxc4 Bf6
29. Nxg5 Bxg5 30. Bxg5 Qxg5 31. Rxd6 Nd8 32. Nh5+ Bxh5 33. Rxh5 Qf4+ 34. Bf3
Rf8 35. Rdh6 Rh8 36. Rh1 Nf7 37. Rb6 Rhb8 38. Rb5 a4 39. Rhb1 Rxb5 40. Rxb5 Ng5
41. Rxc5 Qh2+ 42. Kf1 Qf4 43. Kg2 Ra6 44. Rc7+ Nf7 45. Qf2 Rh6 46. Qg3 Qd2+ 47.
Kg1 Qe3+ 48. Kg2 Qd2+ 49. Kg1 Qa5 50. Rb7 Kf6 51. Rb5 Qc7 52. Bd1 Ng5 53. Qe1
Nh3+ 54. Kf1 Kg5 55. Qa5 Qd6 56. Rxe5 Nf4 57. f6+ Kh4 58. f7 Nxd3 59. Rh5+ Rxh5
60. Qxh5+ Kg3 61. Qf5 Qf8 62. g5 h5 63. Qf3+ Kh4 64. Qxh5+ Kg3 65. Qg4+ 1-0

[Event "II. Budapest Open"]
[Site ", "]
[Date "2012.08.25"]
[Round "8"]
[White "Takacs, Kevin"]
[Black "Devald, Peter"]
[Result "0-1"]
[WhiteElo "1909"]
[BlackElo "1563"]
[PlyCount "120"]
[EventDate "2012.??.??"]

1. d4 Nf6 2. Nf3 d5 3. c4 c6 4. Nc3 g6 5. Bg5 Bg7 6. e3 O-O 7. h3 Qa5 8. Qd2 e6
9. Bd3 c5 10. cxd5 cxd4 11. exd4 Nxd5 12. O-O Nxc3 13. bxc3 Nc6 14. Be4 Bd7 15.
Rab1 b6 16. Ne5 Nxe5 17. dxe5 Bb5 18. Rfd1 Rac8 19. Be7 Rfe8 20. Bb4 Qa6 21. f4
Bc4 22. Qd7 Bb5 23. Qd4 Rc4 24. Qe3 Rcc8 25. Qd2 Bc4 26. Qd7 Bb5 27. Bb7 Bxd7
28. Bxa6 Rcd8 29. Rd2 Ba4 30. Rbb2 Bh6 31. Rf2 Rd1+ 32. Kh2 Red8 33. Bd6 Bf8
34. Bb4 Bh6 35. Bb7 R1d2 36. Kg3 Rxb2 37. Rxb2 Rd3+ 38. Bf3 Bc6 39. Rf2 a5 40.
Be7 Bf8 41. Bxf8 Kxf8 42. Rc2 Ke7 43. Kf2 Ba4 44. Rb2 Rxc3 45. Rxb6 Rc2+ 46.
Ke3 Rxa2 47. Ra6 Bb5 48. Ra7+ Kf8 49. h4 h5 50. Ra8+ Kg7 51. Ra7 a4 52. Ra5 Bc4
53. Bc6 a3 54. Kd4 Bf1 55. g3 Rd2+ 56. Ke3 Re2+ 57. Kd4 a2 58. Ra3 Rd2+ 59. Ke4
Bc4 60. Ba4 Re2+ 0-1

[Event "II. Budapest Open"]
[Site ", "]
[Date "2012.08.25"]
[Round "8"]
[White "Kalmar, Karoly"]
[Black "Balla, Attila"]
[Result "1-0"]
[WhiteElo "1920"]
[BlackElo "1749"]
[PlyCount "79"]
[EventDate "2012.??.??"]

1. e4 e5 2. Nf3 Nc6 3. d3 Nf6 4. Be2 d5 5. Nbd2 Bc5 6. O-O O-O 7. c3 a5 8. b3
Re8 9. Bb2 Bg4 10. Qc2 d4 11. c4 Qd6 12. a3 Ba7 13. Rfe1 h6 14. Bd1 Be6 15. Nf1
Nd7 16. Ng3 Ne7 17. Qd2 Bb6 18. Nh4 Nc5 19. Bc1 Ng6 20. Nxg6 fxg6 21. Rb1 Na6
22. b4 axb4 23. f4 exf4 24. e5 Qf8 25. Rf1 g5 26. axb4 c5 27. bxc5 Qxc5 28. Ne4
Qc6 29. Bf3 Qc7 30. Nd6 Reb8 31. Qe2 Nc5 32. Bd5 Bxd5 33. cxd5 Ba5 34. Ba3 Na4
35. Nb5 Nc3 36. Nxc3 Qxc3 37. Bd6 Rd8 38. Rxb7 Qd2 39. Qh5 Rxd6 40. Qf7+ 1-0

[Event "II. Budapest Open"]
[Site ", "]
[Date "2012.08.25"]
[Round "8"]
[White "Terbe, Julianna"]
[Black "Medve, Mark"]
[Result "1-0"]
[WhiteElo "1895"]
[BlackElo "1979"]
[PlyCount "77"]
[EventDate "2012.??.??"]

1. d4 d5 2. c4 c6 3. e3 Nf6 4. Nc3 e6 5. Qc2 Nbd7 6. Nf3 Bd6 7. Bd3 O-O 8. b3
b6 9. Bb2 Bb7 10. O-O Rc8 11. Rac1 h6 12. Rfd1 Qe7 13. Qb1 c5 14. Qa1 dxc4 15.
dxc5 Bxc5 16. Bxc4 Bxf3 17. gxf3 Ba3 18. Nb5 Bxb2 19. Qxb2 a6 20. Nd4 b5 21.
Be2 Nd5 22. Rd2 Ne5 23. Rdc2 Rxc2 24. Qxc2 Rd8 25. f4 Nb4 26. Qb1 Ng6 27. a3
Rxd4 28. exd4 Nd5 29. b4 Qd7 30. f5 exf5 31. Bd3 Nh4 32. Qc2 Qe7 33. Kh1 g6 34.
Qc6 Nf4 35. Bf1 Qg5 36. Qe8+ Kg7 37. Rc8 Qd8 38. Rxd8 Kf6 39. Qe5+ 1-0

[Event "II. Budapest Open"]
[Site ", "]
[Date "2012.08.25"]
[Round "8"]
[White "Czimer, Jozsef"]
[Black "Bellan, Istvan"]
[Result "1/2-1/2"]
[WhiteElo "1791"]
[BlackElo "1938"]
[PlyCount "118"]
[EventDate "2012.??.??"]

1. d4 d6 2. c4 Nf6 3. Nc3 Nbd7 4. Nf3 c5 5. d5 g6 6. e4 Bg7 7. Be2 O-O 8. h3
Re8 9. O-O h6 10. Bf4 a6 11. Qd2 Kh7 12. Rab1 Nf8 13. a3 b6 14. Rfe1 g5 15. Bg3
Ng6 16. Bd3 Nh5 17. e5 Nxg3 18. fxg3 dxe5 19. Nxe5 Qc7 20. Qe3 e6 21. Nc6 Bb7
22. Bxg6+ fxg6 23. Qf3 Bxc6 24. dxc6 Bd4+ 25. Kh2 Rf8 26. Qe4 Bf2 27. Qe5 Qxc6
28. Qxe6 Qe8 29. Re2 Qf7 30. Qxf7+ Rxf7 31. Re6 Rb8 32. Ne4 Bd4 33. b4 cxb4 34.
axb4 Rbf8 35. c5 Rf1 36. Rxf1 Rxf1 37. g4 bxc5 38. bxc5 Bg1+ 39. Kg3 Kg7 40.
Rxa6 Re1 41. Nd2 Bxc5 42. Nf3 Rf1 43. Rc6 Be3 44. Kh2 Bf4+ 45. g3 Rf2+ 46. Kg1
Rxf3 47. gxf4 Rg3+ 48. Kh2 gxf4 49. Rc4 g5 50. Rc5 Re3 51. Rf5 Re2+ 52. Kg1 Kg6
53. Ra5 Re6 54. Ra3 h5 55. Kf2 hxg4 56. hxg4 Kf6 57. Rb3 Rd6 58. Kf3 Rd5 59.
Ke4 Rd6 1/2-1/2

[Event "II. Budapest Open"]
[Site ", "]
[Date "2012.08.25"]
[Round "8"]
[White "Mihaly, Zoltan"]
[Black "Czegledi, Barna Jr"]
[Result "1/2-1/2"]
[WhiteElo "1756"]
[BlackElo "1799"]
[PlyCount "81"]
[EventDate "2012.??.??"]

1. c4 e6 2. d4 d5 3. Nc3 Nf6 4. g3 Be7 5. cxd5 exd5 6. Bg2 c6 7. Nf3 O-O 8. O-O
Re8 9. Re1 Nbd7 10. Bf4 Nf8 11. Qc2 Ng6 12. Bg5 Be6 13. Rad1 Qc8 14. a3 Bf5 15.
Qb3 Ne4 16. Bxe7 Rxe7 17. Nd2 Nxd2 18. Rxd2 Bh3 19. Bh1 Kh8 20. Rc1 Qg4 21. Bf3
Qg5 22. Qd1 f5 23. e3 Rae8 24. Ne2 Rxe3 25. Rc3 R3e6 26. Rcc2 Bg4 27. Rd3 Bxf3
28. Rxf3 Qg4 29. Qd3 Nh4 30. Re3 Rxe3 31. fxe3 Nf3+ 32. Kf2 Nxh2 33. Nf4 Qf3+
34. Kg1 Rxe3 35. Re2 Qxg3+ 36. Ng2 Nf3+ 37. Kf1 Nh2+ 38. Kg1 f4 39. Qf5 Nf3+
40. Kf1 Nh2+ 41. Kg1 1/2-1/2

[Event "II. Budapest Open"]
[Site ", "]
[Date "2012.08.25"]
[Round "8"]
[White "Di Giovanni, Vilmos"]
[Black "Furedi, Erik"]
[Result "1/2-1/2"]
[WhiteElo "1838"]
[BlackElo "1732"]
[PlyCount "60"]
[EventDate "2012.??.??"]

1. d4 d5 2. Nf3 Nf6 3. e3 e6 4. Bd3 c5 5. b3 Nc6 6. Bb2 Bd6 7. O-O O-O 8. a3
cxd4 9. exd4 Bd7 10. Re1 Qc7 11. Nc3 a6 12. Ne2 b5 13. Ng3 Bxg3 14. hxg3 Rfc8
15. Ne5 Qb7 16. f4 Nxe5 17. fxe5 Ne4 18. Qf3 Bc6 19. g4 Rf8 20. Qf4 Qb8 21. g5
f5 22. gxf6 Nxf6 23. Rf1 Nd7 24. Qh4 g6 25. Qh6 Qe8 26. Rf4 Rxf4 27. Qxf4 Qf7
28. Qg4 Rf8 29. Bc3 Qf2+ 30. Kh1 Rf4 1/2-1/2

[Event "II. Budapest Open"]
[Site ", "]
[Date "2012.08.25"]
[Round "8"]
[White "Terbe, Zsuzsanna"]
[Black "Papp, Andrea"]
[Result "1-0"]
[WhiteElo "1748"]
[BlackElo "1621"]
[PlyCount "41"]
[EventDate "2012.??.??"]

1. e4 c5 2. Nf3 Nc6 3. d4 cxd4 4. Nxd4 Nf6 5. Nc3 e5 6. Nf5 d5 7. exd5 Bxf5 8.
dxc6 bxc6 9. Qf3 Qd7 10. Bg5 e4 11. Qe2 Bb4 12. Bxf6 gxf6 13. Qc4 Rd8 14. Be2
Bxc3+ 15. Qxc3 Qe6 16. O-O O-O 17. b3 Rd6 18. Rad1 Rfd8 19. Rxd6 Rxd6 20. Rd1
Qe7 21. Qg3+ 1-0

[Event "II. Budapest Open"]
[Site ", "]
[Date "2012.08.25"]
[Round "8"]
[White "Szonyi, Bence"]
[Black "Zsatkovics, Endre"]
[Result "0-1"]
[WhiteElo "1614"]
[BlackElo "1740"]
[PlyCount "42"]
[EventDate "2012.??.??"]

1. e4 e5 2. Nf3 Nc6 3. Bb5 a6 4. Bxc6 dxc6 5. d4 exd4 6. Qxd4 Qxd4 7. Nxd4 Bd6
8. O-O c5 9. e5 Bxe5 10. Re1 cxd4 11. Rxe5+ Be6 12. b4 Ne7 13. Bb2 O-O-O 14.
Nd2 Nc6 15. Rc5 Nxb4 16. c3 Nd3 17. Ba3 Nxc5 18. Bxc5 dxc3 19. Ne4 c2 20. Nc3
Rd3 21. Bb4 Rhd8 0-1

[Event "II. Budapest Open"]
[Site ", "]
[Date "2012.08.25"]
[Round "8"]
[White "Zahonyi Abel, Mark"]
[Black "Nebenfuhrer, Gyorgy"]
[Result "1-0"]
[WhiteElo "1815"]
[BlackElo "1689"]
[PlyCount "115"]
[EventDate "2012.??.??"]

1. e4 d6 2. d4 Nf6 3. Nc3 g6 4. Nf3 Bg7 5. h3 O-O 6. Be2 Nbd7 7. O-O e5 8. dxe5
Nxe5 9. Nxe5 dxe5 10. Bg5 Qxd1 11. Rfxd1 c6 12. Rd6 Ne8 13. Rd8 f6 14. Bc4+ Kh8
15. Be3 Nc7 16. Rad1 Be6 17. Rxf8+ Bxf8 18. Bxe6 Nxe6 19. Rd7 b6 20. Rf7 Bg7
21. Re7 Nd4 22. Bxd4 exd4 23. Ne2 c5 24. Nf4 Bf8 25. Rf7 Bg7 26. Ne6 Re8 27.
Nxg7 Rxe4 28. Kf1 a6 29. Nh5 gxh5 30. Rxf6 b5 31. Rxa6 c4 32. Rd6 b4 33. f3 b3
34. axb3 Re5 35. bxc4 Kg7 36. Rxd4 Kf6 37. Kf2 Re7 38. b4 Ra7 39. Ke3 Ra3+ 40.
Rd3 Ra2 41. Kd2 Ra1 42. Re3 Ra4 43. Kc3 Ra3+ 44. Kd4 Ra2 45. Rc3 Ra1 46. g4 h4
47. f4 Rf1 48. Ke4 Rf2 49. c5 Re2+ 50. Kd5 Rd2+ 51. Kc6 Rg2 52. b5 Rg3 53. Rd3
h5 54. gxh5 Kf5 55. b6 Rg8 56. b7 Kxf4 57. Kc7 Rg7+ 58. Rd7 1-0

[Event "II. Budapest Open"]
[Site ", "]
[Date "2012.08.25"]
[Round "8"]
[White "Csermely, Zoltan"]
[Black "Indig, Akos"]
[Result "1-0"]
[WhiteElo "1686"]
[BlackElo "1349"]
[PlyCount "57"]
[EventDate "2012.??.??"]

1. d4 d5 2. e3 e6 3. Bd3 c5 4. b3 Nc6 5. Nf3 Nf6 6. Bb2 Bd7 7. Nbd2 Be7 8. Ne5
O-O 9. O-O Nb4 10. Be2 Nc6 11. a3 Qc7 12. f4 Nxe5 13. fxe5 Ne4 14. Nxe4 dxe4
15. c4 cxd4 16. exd4 f6 17. Qc2 f5 18. a4 Bc6 19. Bc1 Rad8 20. Be3 b6 21. g3
Rd7 22. Rad1 Qd8 23. d5 exd5 24. cxd5 Bxd5 25. Rxd5 Rxd5 26. Bc4 Bc5 27. Bxc5
bxc5 28. Rd1 Kh8 29. Rxd5 1-0

[Event "II. Budapest Open"]
[Site ", "]
[Date "2012.08.25"]
[Round "8"]
[White "Szalai, Krisztian"]
[Black "B. Kiss, Tamas"]
[Result "0-1"]
[WhiteElo "1710"]
[BlackElo "1526"]
[PlyCount "98"]
[EventDate "2012.??.??"]

1. e4 e6 2. d4 d5 3. Nc3 Ne7 4. Nf3 Ng6 5. Bb5+ c6 6. Be2 Be7 7. Be3 O-O 8. Qd2
a5 9. e5 Bd7 10. Bd3 b6 11. Bxg6 fxg6 12. h4 c5 13. h5 cxd4 14. Nxd4 Bc5 15.
hxg6 hxg6 16. Ndb5 Nc6 17. f4 Bxe3 18. Qxe3 Nb4 19. Qh3 Bxb5 20. Nxb5 Kf7 21.
Qc3 Ke7 22. a3 Rc8 23. Qg3 Nxc2+ 24. Kd1 Nxa1 25. Nd6 Rc7 26. Rh7 Rg8 27. Qxg6
Qf8 28. f5 exf5 29. Nxf5+ Kd8 30. Qg5+ Kc8 31. e6 Qf6 32. Qxf6 gxf6 33. e7 Kd7
34. Rf7 Re8 35. g4 Nb3 36. Rxf6 Rc6 37. g5 Rxf6 38. gxf6 Ke6 39. f7 Kxf7 40.
Nd6+ Kxe7 41. Nxe8 Kxe8 42. Kc2 Nc5 43. Kc3 Kd7 44. Kd4 Kd6 45. Kc3 Ke5 46. b4
axb4+ 47. axb4 Na4+ 48. Kb3 b5 49. Kc2 Ke4 0-1